Teoría de la verdad y ética del discurso
Salvato in:
| Autore principale: | |
|---|---|
| Natura: | Libro |
| Lingua: | spagnolo |
| Pubblicazione: |
Barcelona
Paidos
1991
|
| Serie: | Pensamiento contemporaneo, 13
|
| Soggetti: | |
| Tags: |
Aggiungi Tag
Nessun Tag, puoi essere il primo ad aggiungerne!!
|
MARC
| LEADER | 00000nam a2200000 a 4500 | ||
|---|---|---|---|
| 001 | UCX8016 | ||
| 003 | CL-VaPUC | ||
| 008 | 940119e19910000SP |||||||||||||||||spa|d | ||
| 082 | 0 | 4 | |a 121 |b APE |2 21 |
| 100 | |a Apel, Karl-Otto |e author |9 554702 | ||
| 245 | 1 | 0 | |a Teoría de la verdad y ética del discurso |
| 300 | |a 184 p | ||
| 942 | |c BK | ||
| 945 | |d 19940119 00:00:00 |a rbrito | ||
| 260 | |a Barcelona |b Paidos |c 1991 | ||
| 650 | 0 | |a Verdad |9 313815 | |
| 650 | 0 | |a Discursos |9 265028 | |
| 650 | 0 | |a Teoría del conocimiento |9 255038 | |
| 650 | 0 | |a Ética |9 255099 | |
| 583 | |a last modification |c 19940119 00:00:00 |k Rodrigo Vera | ||
| 490 | 0 | |a Pensamiento contemporaneo, 13 | |
| 999 | |c 227651 |d 227649 | ||
| 952 | |0 0 |1 0 |4 0 |6 121_000000000000000_APE_1991 |7 0 |8 A |9 226807 |a FDOPOS |b FDOPOS |d 2019-11-15 |i 296001K |o 121 APE 1991 |p 296001K |r 2025-01-22 |w 2019-11-15 |y BK |k MLH | ||
| 952 | |0 0 |1 0 |4 0 |6 121_000000000000000_APE_1991 |7 0 |8 A |9 226808 |a BIBEDU |b BIBEDU |c ES_NOD |d 2019-11-15 |i 3030954 |o 121 APE 1991 |p 3030954 |r 2023-08-09 |w 2019-11-15 |y BK |k FIL | ||
| 952 | |0 0 |1 0 |4 0 |6 121_000000000000000_APE_1991 |7 0 |8 A |9 226809 |a FDOPOS |b FDOPOS |d 2019-11-15 |i 2943603 |o 121 APE 1991 |p 2943603 |r 2025-01-22 |w 2019-11-15 |y BK |k MLH | ||